[Event "SVR-op 34th"]
[Site "Reil"]
[Date "2011.04.22"]
[Round "6"]
[White "Glieden, Patrick"]
[Black "Engel, Hans Peter"]
[Result "1-0"]
[WhiteElo "1601"]
[BlackElo "1414"]
[PlyCount "67"]
[EventDate "2011.04.16"]
[EventType "swiss"]
[EventRounds "7"]
[EventCountry "GER"]
[SourceTitle "EXT 2013"]
[Source "ChessBase"]
[SourceDate "2012.11.22"]
[SourceVersion "1"]
[SourceVersionDate "2012.11.22"]
[SourceQuality "1"]

1. e4 e5 2. Nf3 Nc6 3. Bc4 Be7 4. d3 Nf6 5. Nc3 d6 6. h3 a6 7. Nd5 Nxd5 8. Bxd5 Bd7 9. c3 0-0 10. g4 Rb8 11. Be3 Be6 12. Qd2 Qc8 13. 0-0-0 Bxd5 14. exd5 Nd8 15. g5 f5 16. gxf6 Bxf6 17. Rdg1 g6 18. h4 Kh8 19. Rg3 Rg8 20. Ng5 c6 21. Rf3 Bxg5 22. Bxg5 Rf8 23. Rhh3 cxd5 24. Bf6+ Rxf6 25. Rxf6 Nf7 26. h5 g5 27. Rhf3 g4 28. R3f5 g3 29. fxg3 Qg8 30. Rxf7 Qxg3 31. h6 Rg8 32. Rf8 Qg1+ 33. Kc2 Qg6 34. Rxg8+ 1-0

[Event "SVR-op 34th"]
[Site "Reil"]
[Date "2011.04.21"]
[Round "5"]
[White "Koch, Verena"]
[Black "Glieden, Patrick"]
[Result "1/2-1/2"]
[WhiteElo "1459"]
[BlackElo "1601"]
[PlyCount "81"]
[EventDate "2011.04.16"]
[EventType "swiss"]
[EventRounds "7"]
[EventCountry "GER"]
[SourceTitle "EXT 2013"]
[Source "ChessBase"]
[SourceDate "2012.11.22"]
[SourceVersion "1"]
[SourceVersionDate "2012.11.22"]
[SourceQuality "1"]

1. Nf3 e6 2. d4 d5 3. e3 Nf6 4. c4 c5 5. cxd5 Nxd5 6. Nc3 cxd4 7. Nxd5 Qxd5 8. Qxd4 Qxd4 9. Nxd4 Bb4+ 10. Bd2 Bxd2+ 11. Kxd2 Ke7 12. Kc2 a6 13. Be2 e5 14. Nf3 Bf5+ 15. Kd2 Rd8+ 16. Ke1 Nc6 17. a3 f6 18. Nd2 Rd7 19. e4 Nd4 20. Rc1 Nxe2 21. Kxe2 Rad8 22. Rc2 Be6 23. Rhc1 g6 24. Rc7 h5 25. Rxd7+ Rxd7 26. g3 Kd8 27. h4 Rd4 28. f3 Bd7 29. Ke3 Bb5 30. Rc3 g5 31. b3 gxh4 32. gxh4 f5 33. exf5 Rxh4 34. Rc5 Rd4 35. Nc4 Bxc4 36. bxc4 h4 37. f6 Rf4 38. Rxe5 Rxf6 39. Rh5 Re6+ 40. Kd3 Rf6 41. Ke3 1/2-1/2

[Event "SVR-op 34th"]
[Site "Reil"]
[Date "2011.04.17"]
[Round "3"]
[White "Laubenstein, Johannes"]
[Black "Glieden, Patrick"]
[Result "0-1"]
[WhiteElo "1464"]
[BlackElo "1601"]
[PlyCount "66"]
[EventDate "2011.04.16"]
[EventType "swiss"]
[EventRounds "7"]
[EventCountry "GER"]
[SourceTitle "EXT 2013"]
[Source "ChessBase"]
[SourceDate "2012.11.22"]
[SourceVersion "1"]
[SourceVersionDate "2012.11.22"]
[SourceQuality "1"]

1. c4 e6 2. d4 d5 3. cxd5 exd5 4. Nf3 Nf6 5. Nc3 Be7 6. g3 0-0 7. Bg2 Re8 8. 0-0 Nbd7 9. Bd2 Nf8 10. Rc1 c6 11. Qc2 Ne4 12. Nxe4 dxe4 13. Qxe4 Bf6 14. Qd3 Qd5 15. Ng5 Qxd4 16. Qb3 Bxg5 17. Bxg5 Rxe2 18. Rcd1 Qe5 19. Bf4 Qe7 20. Bd6 Qf6 21. Bxf8 Kxf8 22. Qa3+ Kg8 23. Rd6 Be6 24. b3 h5 25. Qb4 Qe7 26. Rfd1 Re8 27. a3 h4 28. Bf3 Re5 29. Rd8 Rxd8 30. Qxe7 Rxd1+ 31. Bxd1 Re1+ 32. Kg2 Bd5+ 33. Kh3 Rxe7 0-1